=LDR 00000nam 2200000 4500 =001 000743 =005 20250711091802 =035 ##$$a 0010-0725000611 =007 ta =008 250711################a##########0#ind## =020 ##$$a 978-623-307-646-3 =082 ##$$a 398.209 598 =084 ##$$a 398.209 598 BAC n =100 #$$a BaCua Ga Mo =245 1#$$a Nenek Dari Ayam Rintik /$c Ba Cua Ga Mo =250 ##$$a Cetakan Pertama =260 ##$$a Jakarta :$b Badan Pengembangan dan Pembinaan Bahasa,$c 2022 =300 ##$$a 12 hlm. : $b Ilus. ; $c 22,9 cm =650 #4$$a CERITA ANAK INDONESIA-TERJEMAHAN =650 #4$$a LITERASI-BAHAN BACAAN